00637nam a2200193Ia 4500008004100000020001400041082001400055100002200069245004300091250000700134260004500141300003200186500001900218600002100237650005000258942000700308952011300315999001500428240925s9999 xx 000 0 und d a136282075 a005.8 GON aGoncalves, Marcus 0aProtecting Your Website With Firewalls aNA aNew Jersey:bPrintice- Hall Int.c,1997. aVarious pagesbNAfOriginal aIncludes Index aComputer Science aComputer science, information & general works cBK 001040708CSaUITUbUITUd2000-07-28eNAg195.00l0o005.8 GONpQ2674r2024-09-25 07:12:53w2024-09-25yBK c5173d5173